Antigua & Barbuda Fact-File - Statistics

General Stats
  • This quiz has been taken 2 times
  • The average score is 6 of 12
Answer Stats
Hint Answer % Correct
National Anthem (English Name) Fair Antigua, We Salute Thee
100%
Calling Code +1 - 268
50%
Highest Point Boggy Peak
50%
Currency East Caribbean Dollar
50%
Official Language English
50%
National Animal Fallow Deer
50%
Driving Side Left
50%
Continent North America
50%
Capital City St John's
50%
Largest City (By Population) St John's
50%
Most popular sport Cricket
0%
Tallest Building St John's Cathedral
0%
No matching quizzes found
Score Distribution
Percent of People with Each Score
Percentile by Number Answered
Your Score History
You have not taken this quiz